1731 1953 1539 1931 1006 1816 1079 1369 1159 1642 1139 1703 1928 1474 1222 1784 1739 1915 1852 1122 1341 1306 1755 1339 1706 1202 1656 1038 1770 1682 1459 1945 1202 1475 1704 1913 1536 1465 1894 1203 1785 1446 1310 1025 1997 1071 1173 1653 1874 1430 1724 1622 1561 1550 1891 1054 1158 1116 1985 1549 1849 1436 1635 1397 1215 1085 1169 1199 1794 1184 1503 1359 1740 1130 1617 1706 1298 1487 1231 1442 1712 1386 1235 1611 1335 1713 1034 1499 1548 1500 1308 1630 1348 1541 1002 1025 1511 1594 1999 BCNSPRNW ULIB Ver.6.0+V

เปลี่ยนเป็นภาษาไทย

Change to English
 แสดงรายละเอียดบรรณานุกรม
  กลับหน้าหลัก

Brief Record : Get Marc (ISO 2709) : E-mail record : QR code < ปิดหน้าต่าง
LEADER : 00000nam 2200000uu 4500
001    13399108547
003     ULIB
008    110308sมปป.||||th 000 0 tha d
020    9786167338101
060  4 QV766^bป524ว มปป.
100 0  ปัญญา ไพศาลอนันต์
245 00 ว่านหางจระเข้สรรพคุณครอบจักรวาลว่านพันปี/^cปัญญา ไพศาลอนันต์
260    กรุงเทพฯ:^bแบงค์คอกบุ๊คส์,^cมปป.
300    62 หน้า:^bภาพประกอบ
650  7 ว่านหางจระเข้
945    ^p59^l0^i027954
945    ^p59^l0^i027955
995    ทศพร
999 ^a ใช้งานได้ทุกระบบ
รายการนี้ยังไม่มีแท็ก
คุณยังไม่ได้ล็อกอิน คุณสามารถมีกิจกรรมร่วมกับเว็บไซต์ได้ แต่ต้องล็อกอินก่อน ::
  ล็อกอิน

รายการสื่อสารสนเทศ

ลำดับที่ ประเภท เลขเรียก/บาร์โค้ด สถานที่ สถานะ
- ไม่พบข้อมูล -

รายการใกล้เคียง
    ผู้แต่ง [ปัญญา ไพศาลอนันต์]

    หัวเรื่อง [ว่านหางจระเข้]

BibComment


ยังไม่เคยถูกคอมเมนท์

คอมเมนท์ทรัพยากรรายการนี้
  คอมเมนท์: ว่านหางจระเข้สรรพ..


 Copyright 2026. Bcnsprnw @Library